[Event "Deutsche Ländermeisterschaft 2016"]
[Site "Hannover GER"]
[Date "2016.10.03"]
[Round "5"]
[White "Stelmaszyk, Nico"]
[Black "Browning, Alex"]
[Result "1/2-1/2"]
[Termination "normal"]
[Board "9.3"]
[WhiteElo "1828"]
[BlackElo "2100"]
[WhiteTeam "Niedersachsen 2"]
[BlackTeam "Nordrhein-Westfalen"]
[PlyCount "125"]
[WhiteFideId "16200462"]
[BlackFideId "12984019"]
[EventCountry "GER"]
[EventRounds "7"]
[EventType "team-swiss"]
[EventDate "2016.09.30"]

1. e4 c5 2. c3 Nf6 3. e5 Nd5 4. d4 cxd4 5. cxd4 Nc6 6. Nf3 d6 7. Bc4 Nb6 8. Bb3
d5 9. O-O Bg4 10. Be3 e6 11. Nc3 Be7 12. Rc1 O-O 13. Bc2 Qd7 14. Ne2 Nc4 15. b3
Nxe3 16. fxe3 Rfc8 17. Ng3 g6 18. a4 a5 19. h3 Bf5 20. Nxf5 exf5 21. Bd3 Nb4
22. Bb5 Qd8 23. Qd2 Bf8 24. Nh2 Bh6 25. Rxc8 Rxc8 26. Rc1 Kg7 27. Rc3 Rxc3 28.
Qxc3 Qh4 29. Nf1 Qe4 30. Be8 Nc6 31. Bxc6 bxc6 32. b4 axb4 33. Qxb4 Bxe3+ 34.
Nxe3 Qxe3+ 35. Kh2 f4 36. a5 Qg3+ 37. Kh1 Qf2 38. a6 Qf1+ 39. Kh2 Qxa6 40. Qe7
Qc8 41. Qf6+ Kg8 42. Qxf4 Qe6 43. Qg5 Kg7 44. Qf4 h6 45. Qc1 h5 46. Qe3 Qf5 47.
Qc3 Qf4+ 48. Kh1 Qf1+ 49. Kh2 Qc4 50. Qe3 Qb4 51. Qf4 Qe7 52. Qc1 Qc7 53. Qf4
Kg8 54. Qf6 Qd7 55. Qf4 Qa7 56. Qe3 Qc7 57. Qf3 h4 58. Qf4 c5 59. dxc5 Qxc5 60.
Qxh4 Qc7 61. Qf6 d4 62. Qd6 Qa7 63. Qd8+ 1/2-1/2

[Event "Deutsche Ländermeisterschaft 2016"]
[Site "Hannover GER"]
[Date "2016.10.03"]
[Round "5"]
[White "Helmer, Jan"]
[Black "Runte, Moritz"]
[Result "1-0"]
[Termination "normal"]
[Board "9.5"]
[WhiteElo "1784"]
[BlackElo "1860"]
[WhiteTeam "Niedersachsen 2"]
[BlackTeam "Nordrhein-Westfalen"]
[PlyCount "49"]
[WhiteFideId "12956686"]
[BlackFideId "12991449"]
[EventCountry "GER"]
[EventRounds "7"]
[EventType "team-swiss"]
[EventDate "2016.09.30"]

1. d4 d5 2. Nf3 Nf6 3. e3 e6 4. Bd3 c5 5. b3 Nc6 6. a3 b6 7. Bb2 Bd6 8. Ne5 Bb7
9. f4 O-O 10. O-O Rc8 11. Nd2 Ne7 12. Qf3 Qc7 13. Ng4 Ne8 14. Qh3 f5 15. Nf3
Nf6 16. Ng5 fxg4 17. Bxh7+ Kh8 18. Qh4 g6 19. Bxg6+ Kg8 20. Bh7+ Kh8 21. Bf5+
Kg8 22. Bxe6+ Kg7 23. dxc5 Rh8 24. Qxg4 d4 25. Bxd4 1-0

[Event "Deutsche Ländermeisterschaft 2016"]
[Site "Hannover GER"]
[Date "2016.10.03"]
[Round "5"]
[White "Möller, Lisa-Marie"]
[Black "Möller, Hannah"]
[Result "1-0"]
[Termination "normal"]
[Board "9.6"]
[WhiteElo "1697"]
[BlackElo "1737"]
[WhiteTeam "Nordrhein-Westfalen"]
[BlackTeam "Niedersachsen 2"]
[PlyCount "63"]
[WhiteFideId "12959367"]
[BlackFideId "1270514"]
[EventCountry "GER"]
[EventRounds "7"]
[EventType "team-swiss"]
[EventDate "2016.09.30"]

1. e4 c5 2. Nf3 d6 3. d4 cxd4 4. Nxd4 Nf6 5. f3 g6 6. c4 Bg7 7. Nc3 Nc6 8. Be3
Bd7 9. Be2 Rc8 10. O-O O-O 11. Rc1 Nxd4 12. Bxd4 Qa5 13. Qd2 Be6 14. b3 Qh5 15.
Bxa7 Ra8 16. Be3 Rfe8 17. Nd5 Nxd5 18. cxd5 Bc8 19. Rc7 Qe5 20. Rfc1 Qb2 21.
Qxb2 Bxb2 22. R1c2 Ba3 23. Bb5 Rf8 24. Rxe7 Ra5 25. Re8 Rxb5 26. Rexc8 Rxc8 27.
Rxc8+ Kg7 28. Bd4+ Kh6 29. Rc7 b6 30. Rxf7 Bc5 31. Bxc5 bxc5 32. Rc7 1-0

[Event "Deutsche Ländermeisterschaft 2016"]
[Site "Hannover GER"]
[Date "2016.10.03"]
[Round "5"]
[White "Rudolph, Eva"]
[Black "Meijerink, Inken"]
[Result "1-0"]
[Termination "normal"]
[Board "9.8"]
[WhiteElo "1568"]
[BlackElo "1427"]
[WhiteTeam "Nordrhein-Westfalen"]
[BlackTeam "Niedersachsen 2"]
[PlyCount "85"]
[WhiteFideId "16200594"]
[BlackFideId "16225465"]
[EventCountry "GER"]
[EventRounds "7"]
[EventType "team-swiss"]
[EventDate "2016.09.30"]

1. e4 c5 2. Nf3 Nc6 3. d4 cxd4 4. Nxd4 g6 5. c4 Bg7 6. Nc2 d6 7. Be2 Nf6 8. Nc3
O-O 9. O-O b6 10. Be3 Bb7 11. f3 Ne5 12. Qd2 Rc8 13. b3 Qd7 14. Rac1 Rfd8 15.
Rfd1 e6 16. Nb5 Qe7 17. Nxa7 Ra8 18. Bxb6 Rd7 19. Nb4 d5 20. exd5 exd5 21. c5
Qf8 22. c6 Bh6 23. f4 Ne4 24. Qd4 Nxc6 25. Nbxc6 Bxc6 26. Rxc6 Bxf4 27. Bf3 Qh6
28. h3 Rb7 29. Re1 Qh4 30. Re2 Nd2 31. Qf2 Bh2+ 32. Kxh2 Qf4+ 33. Kh1 Nxf3 34.
Qxf3 Qh6 35. Qxd5 Rxb6 36. Rxb6 Qc1+ 37. Kh2 Qc7+ 38. Rd6 Rxa7 39. Re8+ Kg7 40.
Qe5+ f6 41. Qxf6+ Kh6 42. Qh4+ Kg7 43. Red8 1-0